000 00538nam a2200193Ia 4500
003 OSt
005 20220928144544.0
006 a|||||r|||| 00| 0
007 ta
008 220927b |||||||| |||| 00| 0 eng d
024 _a71778
037 _cTextual
040 _aSDCL
_cSDCL
_beng
041 _2eng
_aeng
082 _aXM8:8Fn1,N88, N9
245 0 _aADVANCES IN international accounting. 1V per year. V1; 1988-; This library has V12-; 1999-;
942 _hXM8:8Fn1,N88, N9
_cTEXL
_2CC
999 _c827903
_d827903